000 01051nam a2200229Ii 4500
003 JO-AjNU
008 230605s9999||||xx |||||||||||||| ||und||
020 _a978-605-74771-5-6
040 _aJO-AjNU
_bara
_erda
_cJO-AjNU
041 _aara
050 1 4 _aDS79.76.2021
100 3 _aتقديم العاني، عبدالحميد ,
_eauthor
_964079
245 0 0 _aالتصريحات الصحفية لهيئة علماء المسلمين في العراق: رصد إعلامي لأحداث ومواقف ووقائع الاحتلال الأمريكي والهيمنة الإيرانية في العراق (2003-2015م)، ج1
250 _aط1
264 3 1 _aبغداد: مؤسسة البصائر للدراسات والنشر، 2021
300 _aج1: 520ص
336 _atext
_btxt
_2rdacontent
337 _aunmediated
_bn
_2rdamedia
338 _avolume
_bnc
_2rdacarrier
490 0 _aسلسلة اصدارات هيئة علماء المسلمين في العراق 36
650 4 _aالعراق-تاريخ-الاحتلال الامريكي
_964080
999 _aA29100
_c32668
_d32668